| 000 | 01175nam a22002894c 4500 | ||
|---|---|---|---|
| 003 | AR-BaSMT | ||
| 008 | 230327t2010 agd|||frib|| 001 0 spa d | ||
| 020 | _a9789876020305 | ||
| 040 |
_aBSGB _bespañol _cBSGB _erda |
||
| 041 | 0 |
_aspa _hespañol |
|
| 080 | _a802 | ||
| 100 | 1 |
_aPadilla, Constanza _9512 |
|
| 245 | 1 |
_aYo expongo: _bTaller de prácticas de comprensión y producción textual |
|
| 250 | _aPrimera edición | ||
| 264 |
_aCórdoba; _bComunic-Arte, _c2010. |
||
| 300 | _a120 páginas | ||
| 336 |
_2rdacontent _atexto _btxt |
||
| 337 |
_2rdamedia _asin mediación _bn |
||
| 338 |
_2rdacarrier _avolumen _bnc |
||
| 490 | _aLengua y discurso | ||
| 520 | _aYo expongo. Taller de prácticas de comprensión y producción de textos expositivos plantea cuestiones teóricas y prácticas que sirven para conocer y repensar aspectos fundamentales de los textos expositivos - incluidos los llamados textos de divulgación científica- que pueden ayudar a mejorar su comprensión y producción. | ||
| 521 | _aPúblico general | ||
| 700 | 7 |
_aDouglas de Sirgo, Silvina _eAutor _9513 |
|
| 700 | 1 |
_aLopez, Esher _eAutor _9514 |
|
| 942 |
_2ddc _aBOOK |
||
| 999 |
_c688 _d688 |
||